Länder Afrikas nach Fläche (absteigende Reihenfolge) - Statistiken

Allgemein
  • Dieses Quiz wurde 37 mal gespielt
    28 seit der letzten Aktualisierung
  • Das Durchschnittsergebnis liegt bei 27 aus 54
Antwortstatistiken
Hint Antwort % Korrekt
2'381'740 km² Algerien
100%
1'861'484 km² Sudan
100%
2'344'858 km² Demokratische Republik Kongo
95%
1'759'540 km² Libyen
84%
1'284'000 km² Tschad
84%
1'246'700 km² Angola
74%
1'104'300 km² Äthiopien
74%
1'001'450 km² Ägypten
68%
1'267'000 km² Niger
68%
1'219'090 km² Südafrika
68%
1'240'192 km² Mali
63%
1'030'700 km² Mauretanien
63%
923'768 km² Nigeria
63%
947'300 km² Tansania
63%
752'618 km² Sambia
58%
322'463 km² Elfenbeinküste
53%
580'367 km² Kenia
53%
716'550 km² Marokko
53%
799'380 km² Mosambik
53%
824'292 km² Namibia
53%
581'730 km² Botswana
47%
587'041 km² Madagaskar
47%
390'757 km² Simbabwe
47%
637'657 km² Somalia
47%
644'329 km² Südsudan
47%
622'984 km² Zentralafrikanische Republik
47%
245'857 km² Guinea
42%
475'440 km² Kamerun
42%
342'000 km² Republik Kongo
42%
196'722 km² Senegal
42%
455 km² Seychellen
42%
112'622 km² Benin
37%
274'200 km² Burkina Faso
37%
27'830 km² Burundi
37%
117'600 km² Eritrea
37%
267'667 km² Gabun
37%
238'533 km² Ghana
37%
111'369 km² Liberia
37%
2'040 km² Mauritius
37%
26'338 km² Ruanda
37%
56'785 km² Togo
37%
163'610 km² Tunesien
37%
241'038 km² Uganda
37%
28'051 km² Äquatorialguinea
32%
23'200 km² Dschibuti
32%
11'300 km² Gambia
32%
2'235 km² Komoren
32%
30'355 km² Lesotho
32%
118'484 km² Malawi
32%
964 km² São Tomé und Príncipe
32%
17'364 km² Eswatini
26%
36'125 km² Guinea-Bissau
26%
4'033 km² Kap Verde
26%
71'740 km² Sierra Leone
26%
Keine übereinstimmenden Quizze gefunden
Verteilung der Resultate
Anzahl Personen mit jedem Resultat
Perzentil nach korrekt beantworteten Fragen
Ihre Resultats-Entwicklung
Sie haben dieses Quiz seit der letzten Aktualisierung nicht gespielt